Essentials of Business Law / (Record no. 11610)
[ view plain ]
| 000 -LEADER | |
|---|---|
| fixed length control field | 01202cam a2200313 a 4500 |
| 001 - CONTROL NUMBER | |
| control field | 13460431 |
| 005 - DATE AND TIME OF LATEST TRANSACTION | |
| control field | 20041008143357.0 |
| 008 - FIXED-LENGTH DATA ELEMENTS--GENERAL INFORMATION | |
| fixed length control field | 040116s2005 ohua 001 0 eng |
| 010 ## - LIBRARY OF CONGRESS CONTROL NUMBER | |
| LC control number | 2004100661 |
| 020 ## - INTERNATIONAL STANDARD BOOK NUMBER | |
| International Standard Book Number | 0324206364 |
| 020 ## - INTERNATIONAL STANDARD BOOK NUMBER | |
| International Standard Book Number | 0324223145 (Text Only) |
| 035 ## - SYSTEM CONTROL NUMBER | |
| System control number | (DLC) 2004100661 |
| 040 ## - CATALOGING SOURCE | |
| Original cataloging agency | DLC |
| Transcribing agency | DLC |
| Modifying agency | DLC |
| 043 ## - GEOGRAPHIC AREA CODE | |
| Geographic area code | n-us--- |
| 050 00 - LIBRARY OF CONGRESS CALL NUMBER | |
| Classification number | KF889.6 |
| Item number | .B433 2005 |
| 082 00 - DEWEY DECIMAL CLASSIFICATION NUMBER | |
| Classification number | 346.7307 |
| Edition number | 22 |
| Item number | BEA |
| 100 1# - MAIN ENTRY--PERSONAL NAME | |
| Personal name | Beatty, Jeffrey F. |
| 9 (RLIN) | 5100 |
| 245 10 - TITLE STATEMENT | |
| Title | Essentials of Business Law / |
| Statement of responsibility, etc | Jeffrey F. Beatty, Susan S. Samuelson. |
| 250 ## - EDITION STATEMENT | |
| Edition statement | 2nd ed. |
| 260 ## - PUBLICATION, DISTRIBUTION, ETC. (IMPRINT) | |
| Place of publication, distribution, etc | Mason, Ohio : |
| Name of publisher, distributor, etc | Thomson/South-Western, |
| Date of publication, distribution, etc | c2005. |
| 300 ## - PHYSICAL DESCRIPTION | |
| Extent | 1 v. (various pagings) : |
| Other physical details | ill. ; |
| Dimensions | 26 cm. |
| 500 ## - GENERAL NOTE | |
| General note | Rev. ed. of: Essentials of business law for a new century, c2003. |
| 500 ## - GENERAL NOTE | |
| General note | Includes index. |
| 650 #0 - SUBJECT ADDED ENTRY--TOPICAL TERM | |
| Topical term or geographic name as entry element | Business law |
| Geographic subdivision | United States. |
| 9 (RLIN) | 5101 |
| 700 1# - ADDED ENTRY--PERSONAL NAME | |
| Personal name | Beatty, Jeffrey F. |
| Title of a work | Essentials of business law for a new century. |
| 9 (RLIN) | 5102 |
| 942 ## - ADDED ENTRY ELEMENTS (KOHA) | |
| Source of classification or shelving scheme | Dewey Decimal Classification |
| Item type | Book - Borrowing |
| Withdrawn status | Item status | Source of classification or shelving scheme | Damaged status | Not for loan | Vendor | Home library | Current library | Shelving location | Date acquired | Source of acquisition | Cost, normal purchase price | Serial Enumeration / chronology | Total Checkouts | Total Renewals | Full call number | Barcode | Date last seen | Date last borrowed | Koha item type |
|---|---|---|---|---|---|---|---|---|---|---|---|---|---|---|---|---|---|---|---|
| Dewey Decimal Classification | Academic Bookshop | Central Library | Central Library | First floor | 25/05/2009 | 347.90 | 367 | 4 | 6 | 346.7307 BEA | 000016182 | 15/07/2025 | 22/03/2018 | Book - Borrowing |